书目信息 |
| 题名: |
多层及高层房屋结构设计 下册
|
|
| 作者: | 本书编写组 编 | |
| 分册: | ||
| 出版信息: | 上海 上海科学技术出版社 1982.09 |
|
| 页数: | 275页 | |
| 开本: | 16开 | |
| 丛书名: | ||
| 单 册: | ||
| 中图分类: | TU972 | |
| 科图分类: | ||
| 主题词: | 高层建筑--建筑设计 | |
| 电子资源: | ||
| ISBN: | ||
| 000 | 00588nam0 2200193 45 | |
| 001 | 0006171076 | |
| 005 | 20000617105432.7 | |
| 010 | @d2.00元 | |
| 100 | @a20000617d1982 km y0chiy0120 ea | |
| 101 | 0 | @achi |
| 105 | @a z 000yy | |
| 200 | 1 | @a多层及高层房屋结构设计 下册@ADuo Ceng Ji Gao Ceng Fang Wu Jie Gou She Ji Xia Ce@f本书编写组编@FBen Shu Bian Xie Zu Bian |
| 210 | @a上海@c上海科学技术出版社@d1982.09 | |
| 215 | @a275页@d16开 | |
| 606 | 0 | @a高层建筑@x建筑设计 |
| 690 | @aTU972@v3 | |
| 701 | 0 | @a本书编写组@4编 |
| 801 | @aCN@bPftUser@c20000617 | |
| 905 | @dTU972@eT:139@b207394@f1 | |
| 多层及高层房屋结构设计 下册/本书编写组编.-上海:上海科学技术出版社,1982.09 |
| 275页;16开 |
| ISBN :2.00元 |
| ● |
| 相关链接 |
|
|
|
正题名:多层及高层房屋结构设计下册
索取号:TU972/T:139
 
预约/预借
| 序号 | 登录号 | 条形码 | 馆藏地/架位号 | 状态 | 备注 |
| 1 | 207394 | 202073941 | 自科二线404/404自科库 21排1列3层/ [索取号:TU972/T:139] | 在馆 |